Top 50 countries at soccer - Statistics

General Stats
  • This quiz has been taken 157 times
  • The average score is 39 of 50
Answer Stats
Hint Answer % Correct
1 Argentina
99%
5 Brazil
98%
8 Spain
98%
2 France
97%
4 England
95%
15 Germany
95%
6 Portugal
95%
11 USA
95%
3 Belgium
92%
9 Italy
92%
14 Mexico
92%
16 Uruguay
90%
7 Netherlands
89%
34 Russia
89%
49 Canada
88%
27 Sweden
88%
18 Japan
87%
42 Chile
86%
12 Colombia
86%
47 Norway
83%
24 Australia
82%
19 Switzerland
81%
10 Croatia
80%
23 South Korea
80%
21 Denmark
78%
37 Egypt
78%
28 Poland
78%
22 Ukraine
78%
25 Austria
77%
13 Morocco
77%
40 Turkey
76%
50 Greece
74%
39 Scotland
73%
32 Peru
72%
36 Czech republic
71%
48 Slovakia
71%
43 Algeria
68%
30 Nigeria
68%
29 Wales
68%
26 Hungary
65%
33 Serbia
65%
46 Romania
64%
31 Ecuador
62%
20 Iran
61%
17 Senegal
60%
41 Tunisia
57%
38 Ivory coast
51%
35 Qatar
51%
45 Panama
47%
44 Mali
25%
No matching quizzes found
Score Distribution
Percent of People with Each Score
Percentile by Number Answered
Your Score History
You have not taken this quiz